ბათუმის შოთა რუსთაველის სახელმწიფო უნივერსიტეტის ბიბლიოთეკა

აკაკი შანიძე : (ბიბ.ჩანაწერი № 52886)

000 -ლიდერი
ფიქსირებული სიგრძის საკონტროლო ველი 01461nam a2200265Ia 4500
001 - საკონტროლო ნომერი
საკონტროლო ველი 19916
003 - საკონტროლო ნომრის იდენტიფიკატორი
საკონტროლო ველი GE_BSU
005 - ბოლო ოპერაციის თარიღი და დრო
საკონტროლო ველი 20200509194337.0
008 - ფიქსირებული სიგრძის მონაცემთა ელემენტები - ზოგადი ინფორმაცია
ფიქსირებული სიგრძის საკონტროლო ველი 181216s1967||||ge |||||||||||||| ||geo||
040 ## - კატალოგიზაციის წყარო
Transcribing agency GE_BSU
041 ## - ენის კოდი
Language code of text/sound track or separate title geo
080 ## - უნივერსალური ათობითი კლასიფიკაციის ინდექსი
Universal Decimal Classification number 81(479.22)(092) ძ-63
100 ## - მთავარი ჩანაწერი - პიროვნების სახელი
Personal name ძიძიგური, შოთა
9 (RLIN) 8034
245 ## - ცნობა სათაურის შესახებ
Title აკაკი შანიძე :
Remainder of title [ცხოვრება და შემოქმედება] /
Statement of responsibility, etc შოთა ძიძიგური ; რედ. გ. შალამბერიძე.
264 ## - წარმოების, გამოცემის, დისტრიბუციის და სხვა ცნობები
გამოცემის, წარმოების, დისტრიბუციის... ადგილი თბილისი :
გამოცემის, წარმოების, დისტრიბუციის... სახელწოდება თბილ. უნ-ტის გამ-ბა,
გამოცემის, წარმოების, დისტრიბუციის... თარიღი 1967.
300 ## - ფიზიკური აღწერა
Extent 115 გვ. :
Other physical details 5 ფ. პორტრ. ;
Dimensions 22 სმ.
500 ## - ზოგადი შენიშვნა
General note აკაკი შანიძის ნაშრომთა ბიბლიოგრაფია : გვ. 78-105
501 ## - შენიშვნა თანმხლებ მასალაზე
With note ანბანური საძიებელი, საგნობრივი საძიებელი გვ. 106-114
653 ## - INDEX TERM--UNCONTROLLED
Uncontrolled term აკაკი შანიძე : [ცხოვრება და შემოქმედება]
653 ## - INDEX TERM--UNCONTROLLED
Uncontrolled term ქართველი ენათმეცნიერები
653 ## - INDEX TERM--UNCONTROLLED
Uncontrolled term ნათმეცნიერება - ბიბლიოგრაფია აკაკი შანიძე
700 ## - ADDED ENTRY--PERSONAL NAME
Personal name შალამბერიძე, გ.
Relator term რედაქტორი
9 (RLIN) 8035
942 ## - ADDED ENTRY ELEMENTS (KOHA)
Koha item type წიგნი
Source of classification or shelving scheme
ეგზემპლარები
ჩამოწერის სტატუსი დაკარგული ეგზემპლარის სტატუსი კლასიფიკაციის წყარო ან თაროზე გაწყობის სქემა დაზიანების სტატუსი არ გაიცემა მუდმივი მდებარეობა (დაცვის ადგილი) ამჟამინდელი ადგილსამყოფელი თაროზე განთავსების ადგილი შეძენის თარიღი პერიოდიკის ნუმერაცია / ქრონოლოგია სრული შენახვის შიფრი შტრიხკოდი ბოლო ოპერაციის თარიღი ეგზემპლარის მიმდევრობითი ნომერი (კეტერი?) ფასის ძალაში შესვლის თარიღი ეგზემპლარის სახეობა საჯარო შენიშვნა ღირებულება, შესყიდვის ნორმალური ფასი
          ბათუმის შოთა რუსთაველის სახელმწიფო უნივერსიტეტის მთავარი ბიბლიოთეკა ბათუმის შოთა რუსთაველის სახელმწიფო უნივერსიტეტის მთავარი ბიბლიოთეკა წიგნსაცავი 2018-12-17 1.80 ლ. 81(479.22)(092) ძ-63 52408 2018-12-17 52408 2018-12-17 წიგნი 1.80 ლ.  
          ბათუმის შოთა რუსთაველის სახელმწიფო უნივერსიტეტის მთავარი ბიბლიოთეკა ბათუმის შოთა რუსთაველის სახელმწიფო უნივერსიტეტის მთავარი ბიბლიოთეკა წიგნსაცავი 2018-12-17   81(479.22)(092) ძ-63 52409 2018-12-17 52409 2018-12-17 წიგნი 1.80 ლ. 1.80
          ბათუმის შოთა რუსთაველის სახელმწიფო უნივერსიტეტის მთავარი ბიბლიოთეკა ბათუმის შოთა რუსთაველის სახელმწიფო უნივერსიტეტის მთავარი ბიბლიოთეკა წიგნსაცავი 2018-12-17   81(479.22)(092) ძ-63 52410 2018-12-17 52410 2018-12-17 წიგნი 1.80 ლ. 1.80
          ბათუმის შოთა რუსთაველის სახელმწიფო უნივერსიტეტის მთავარი ბიბლიოთეკა ბათუმის შოთა რუსთაველის სახელმწიფო უნივერსიტეტის მთავარი ბიბლიოთეკა წიგნსაცავი 2018-12-17   81(479.22)(092) ძ-63 52411 2018-12-17 52411 2018-12-17 წიგნი 1.80 ლ. 1.80
          ბათუმის შოთა რუსთაველის სახელმწიფო უნივერსიტეტის მთავარი ბიბლიოთეკა ბათუმის შოთა რუსთაველის სახელმწიფო უნივერსიტეტის მთავარი ბიბლიოთეკა წიგნსაცავი 2018-12-17   81(479.22)(092) ძ-63 52412 2018-12-17 52412 2018-12-17 წიგნი 1.80 ლ. 1.80